|
|
|
|
| LEADER |
00000nam0a2200000 4500 |
| 001 |
56279 |
| 005 |
20231031053254.0 |
| 035 |
|
|
|a (RuTPU)RU\TPU\book\59107
|
| 090 |
|
|
|a 56279
|
| 100 |
|
|
|a 20030926d1983 k y0rusy50 ca
|
| 101 |
0 |
|
|a rus
|
| 102 |
|
|
|a RU
|
| 105 |
|
|
|a a z 001zy
|
| 200 |
1 |
|
|a Оптико-электронные приборы в контрольно-измерительной технике
|e Труды ЛИТМО
|f Ленинградский ордена трудового красного знамени институт точной механики и оптики; Под ред. Л. Ф. Порфирьева
|
| 210 |
|
|
|a Ленинград
|d 1983
|
| 215 |
|
|
|a 95 с.
|c ил.
|
| 320 |
|
|
|a Библиография в конце статей
|
| 610 |
1 |
|
|a оптика
|
| 610 |
1 |
|
|a оптико-электронные приборы
|
| 610 |
1 |
|
|a техника
|
| 610 |
1 |
|
|a контрольно-измерительные приборы
|
| 610 |
1 |
|
|a телевизионные трубки
|
| 610 |
1 |
|
|a приемники
|
| 610 |
1 |
|
|a излучение
|
| 610 |
1 |
|
|a волны
|
| 610 |
1 |
|
|a спектры
|
| 610 |
1 |
|
|a пирометрия
|
| 610 |
1 |
|
|a труды
|
| 675 |
|
|
|a 681.2.082
|v 3
|
| 702 |
|
1 |
|a Порфирьев
|b Л. Ф.
|4 340
|
| 712 |
0 |
2 |
|a Ленинградский институт точной механики и оптики (ЛИТМО)
|c (1930-1992)
|2 stltpush
|3 (RuTPU)RU\TPU\col\13765
|
| 801 |
|
1 |
|a RU
|b 63413507
|c 20030926
|g PSBO
|
| 801 |
|
2 |
|a RU
|b 63413507
|c 20150422
|g PSBO
|
| 942 |
|
|
|c BK
|